Normal view
MARC view
- دراسات أدبية
Entry Topical Term
001 - CONTROL NUMBER
- control field: 43746
003 - CONTROL NUMBER IDENTIFIER
- control field: JO-AjAnu
005 - DATE AND TIME OF LATEST TRANSACTION
- control field: 20230606081240.0
008 - FIXED-LENGTH DATA ELEMENTS
- fixed length control field: 230606|| aca||aabn | a|a d
040 ## - CATALOGING SOURCE
- Original cataloging agency: JO-AjAnu
- Transcribing agency: JO-AjAnu
150 ## - HEADING--TOPICAL TERM
- Topical term or geographic name entry element: دراسات أدبية
670 ## - SOURCE DATA FOUND
- Source citation: Work cat.: (JO-AjAnu)22396: أبو عون، ناصر, author 43745, تجليات الشعر العماني المعاصر(سعيد الصقلاوي)ترنيمة حياة